Name the AMS Executives from 2006-2010 Quiz Stats

 Plays Quiz not verified by Sporcle

Score 0/25 Timer 05:00
0 Plays Today
Year % Correct
2009-2010Blake Frederick
87.3%
2010-2011Bijan Ahmadian
85.7%
2009-2010Tim Chu
81%
2010-2011Jeremy McElroy
79.4%
2010-2011Elin Tayyar
74.6%
2008-2009Michael Duncan
74.6%
2010-2011Ben Cappellacci
71.4%
2009-2010Crystal Hon
71.4%
2009-2010Tom Dvorak
66.7%
2010-2011Ekaterina Dovjenko
65.1%
2009-2010Johannes Rebane
65.1%
2008-2009Alex Lougheed
63.5%
2007-2008Matthew Naylor
58.7%
Year % Correct
2008-2009Stef Ratjen
46%
2008-2009Chris Diplock
44.4%
2008-2009Tristan Markle
39.7%
2007-2008Jeff Friedrich
39.7%
2006-2007Jeff Friedrich
39.7%
2007-2008Brittany Tyson
34.9%
2007-2008Sarah Naiman
30.2%
2006-2007Kevin Keystone
28.6%
2007-2008Brendon Goodmurphy
27%
2006-2007Sophia Haque
23.8%
2006-2007Ian Pattillo
22.2%
2006-2007David Yuen
20.6%

You're not logged in!

Compare scores with friends on all Sporcle quizzes.
OR
Log In

Show Comments

Extras

Created Nov 28, 2010ReportNominate
Tags:Vancouver

Top Quizzes Today


Score Distribution

Your Account Isn't Verified!

In order to create a playlist on Sporcle, you need to verify the email address you used during registration. Go to your Sporcle Settings to finish the process.

Report this User

Report this user for behavior that violates our Community Guidelines.

Details: